000 00575nam a2200193Ia 4500
005 20250326142323.0
008 250326s9999 xx 000 0 und d
020 _a0 7494 3087 7
037 _aTextbook
040 _aFMSL
_beng
_cFMSL
041 _aeng
_2eng
084 _aX:51 N9
_qFMSL
100 _aGamble P R
_9745926
245 0 _aUp close and personal: Customer relationship marketing work
_cGamble P R And Others
260 _aUnited Kingdom
_bUnited Kingdom, Kogan Page
_c1999
300 _a357p
942 _cTB
_hX:51 N9
999 _c1294470
_d1294470